000
00312nam a2200133Ia 4500
008
220613s9999||||xx |||||||||||||| ||und||
100
_a
Digambarji Swami & Gharote M L
245
0
_a
Gheranda Sanhita
250
_a
3rd(2014)
260
_b
Kaivalyadhama Lonavia
300
_a
232
650
_a
Yoga
942
_c
GB
999
_c
11148
_d
11148